Výzvy slovenskej ODA z pohľadu MVO: leto 2006

Zmena pozície SR z príjímateľa na darcu ODA (Oficiálna rozvojová pomoc) - postoje politikov a verejnosti (médií, inteligencie a akademickej obce). Budovanie ľudských zdrojov a administratívnych kapacít. Dotvorenie inštitucionálneho zázemia ODA SR. Priestor pre akademickú sféru.

Salvato in:
Dettagli Bibliografici
Autore principale: Nič, Milan
Natura: Capitolo di libro
Lingua:slovacco
Soggetti:
Tags: Aggiungi Tag
Nessun Tag, puoi essere il primo ad aggiungerne!!

MARC

LEADER 00000naa$a2200000$$$4500
001 0050610
005 20221207085550.0
041 0 |a slo 
044 |a SK 
245 1 0 |a Výzvy slovenskej ODA z pohľadu MVO: leto 2006  |c Milan Nič 
520 |a Zmena pozície SR z príjímateľa na darcu ODA (Oficiálna rozvojová pomoc) - postoje politikov a verejnosti (médií, inteligencie a akademickej obce). Budovanie ľudských zdrojov a administratívnych kapacít. Dotvorenie inštitucionálneho zázemia ODA SR. Priestor pre akademickú sféru. 
610 2 0 |a pomoc rozvojová 
610 2 0 |a inštitúcia 
610 2 0 |a Slovensko 
610 2 0 |a 2006 
610 2 0 |a postoje 
610 2 0 |a médiá 
610 2 0 |a inteligencia 
610 2 0 |a školstvo 
610 2 0 |a vzdelávanie 
100 1 |a Nič, Milan